000 00428nam a2200193Ia 4500
003 0100
008 130227s9999 xx 000 0 und d
040 _cARRUPELIB
050 _aBF173.S828 1990
100 _aStevens, Anthony
245 _aOn Jung
260 _aLondon
260 _bPenguin Books
260 _C1990
300 _ax
300 _b 292p. 20cm.
650 _bJesus Christ - Resurrection
942 _2lcc
_01
999 _c5465
_d5465